000
00335nam a22001337a 4500
020
_a
978-8180140075
041
_a
ENG
100
_a
Arora.K.R
245
_a
Irrigation Water Power And Water Resources Engineering
260
_a
Delhi
_b
Standard Publishers Distrutors
_c
1996
300
_a
1106
650
_a
IDE
856
_u
IDE ( 18 )
999
_c
1490
_d
1490